Prénoms masculins les plus donnés par pays de l'Union Européenne - Statistiques

Statistiques générales
  • Ce quiz a été pris 51 fois
  • Le résultat moyen est 9 sur 27
Réponses sur la Carte
Les réponses sont colorées sur une échelle allant du rouge au vert en fonction du pourcentage des utilisateurs qui les ont devinées à leur premier essai. Vous pouvez retrouver ces pourcentages ci-dessous.
 
Statistiques - réponses
Pays Prénom % Correct
Autriche P{aul}
67%
Allemagne N{oah}
64%
Belgique N{oah}
64%
Pays-Bas N{oah}
64%
Suède N{oah}
64%
Lituanie M{arkas}
56%
France G{abriel}
49%
Luxembourg G{abriel}
49%
Croatie L{uka}
49%
Slovénie L{uka}
49%
Danemark C{arl}
38%
Lettonie O{livers}
38%
Bulgarie Г{еорги} (G{eorgi})
36%
Irlande J{ack}
28%
Grèce Κ{ωνσταντίνος} (K{onstantinos})
26%
Italie L{eonardo}
26%
Portugal F{rancisco}
23%
Chypre Α{νδρέας} (A{ndreas})
21%
Espagne M{artín}
21%
Malte M{atteo}
18%
République tchèque J{akub}
13%
Slovaquie J{akub}
13%
Hongrie D{ominik}
8%
Pologne N{ikodem}
8%
Estonie R{obin}
8%
Roumanie A{ndrei}
5%
Finlande E{ino}
3%
Aucun quiz correspondant
Distribution des résultats
% des personnes avec chaque résultat
Percentile par nombre de réponses
Votre historique - résultats
Vous n’avez pas pris ce quiz